Indiayile daridryam / (Record no. 4693)
[ view plain ]
| 000 -LEADER | |
|---|---|
| fixed length control field | 00466cam a2200181ua 4500 |
| 041 ## - LANGUAGE CODE | |
| Language code of text/sound track or separate title | mal |
| 082 ## - DEWEY DECIMAL CLASSIFICATION NUMBER | |
| Classification number | 362.554 |
| Item number | DAN/IN |
| 100 ## - MAIN ENTRY--AUTHOR NAME | |
| Personal name | Dandekkar, V M . |
| 245 ## - TITLE STATEMENT | |
| Title | Indiayile daridryam / |
| 260 ## - PUBLICATION, DISTRIBUTION, ETC. (IMPRINT) | |
| Place of publication | Thiruvananthapuram : |
| Name of publisher | State Instititute of Languages , |
| Year of publication | 1974. |
| 300 ## - PHYSICAL DESCRIPTION | |
| Number of Pages | 164 ; . |
| 700 1# - ADDED ENTRY--PERSONAL NAME | |
| Personal name | Rath, Nilakantha . |
| 942 ## - ADDED ENTRY ELEMENTS (KOHA) | |
| Koha item type | Books |
| Withdrawn status | Lost status | Damaged status | Home library | Current library | Date acquired | Full call number | Accession Number | Koha item type |
|---|---|---|---|---|---|---|---|---|
| Withdrawn | KAUAET | KAUAET | 07/04/2012 | 362.554 | 13620 | Books |
